Нормален изглед
MARC изглед
- Ганчев, Марко
Вход 01. Лично име
001 - Контролен номер на записа
- Контролно поле: 267403
003 - Код на организацията, даваща контролен номер
- Контролно поле: BLK
005 - Дата и час на последна промяна на записа
- Контролно поле: 20240302132827.0
008 - Данни с фиксирана дължина – обща информация
- Данни с фиксирана дължина : 180420|| aca||aabn | a|a d
100 ## - ИМЕ НА ЛИЦЕ -ПЪРВИЧНА ИНТЕЛЕКТУАЛНА ОТГОВОРНОСТ
- Лично име: Ганчев, Марко
- Друга информация: Писател и поет, сатирик, преводач от немски и белоруски
- Дати, свързани с автора: 1932-
- Пълна форма на името: Маринов, Марко Ганчев
942 ## - Системна служебна употреба
- Koha auth type: PERSO_NAME